000
00443nam a2200133Ia 4500
008
100328s9999 xx 000 0 und d
082
_b
57768
100
_a
सोनवणी संजय
245
_a
आभाळात गेलेली माणसं
260
_b
पुष्प
630
_a
आभाळात गेलेली माणसं
730
_a
आभाळात गेलेली माणसं
942
_c
BOOK
999
_c
544191
_d
544188